[Event "17. Obert Int. Sant Marti 2015 - B"]
[Site "Barcelona ESP"]
[Date "2015.07.15"]
[Round "3.58"]
[White "Vidal Moll, Francesc"]
[Black "Navarro Oliva, Ivan Tomás"]
[Result "1-0"]
[WhiteElo "1791"]
[BlackElo "1686"]
[PlyCount "59"]
[EventDate "2015.07.13"]
[EventType "swiss"]
[EventRounds "9"]
[EventCountry "ESP"]
[SourceTitle "Ajedrez en Madrid"]
[Source "lmi"]
[SourceDate "2015.07.13"]
[SourceVersion "1"]
[SourceVersionDate "2019.06.21"]
[SourceQuality "1"]

1. d4 d5 2. e3 Nf6 3. Bd3 Nc6 4. f4 g6 5. c3 Bg7 6. Nf3 O-O 7. O-O Bg4 8. Nbd2
Ne8 9. e4 e6 10. e5 Na5 11. Qe1 f6 12. Qg3 Bxf3 13. Nxf3 Nc4 14. Qh3 f5 15. b3
Nb6 16. Ba3 Rf7 17. Ng5 h6 18. Nxf7 Kxf7 19. g4 Qd7 20. gxf5 gxf5 21. Kh1 Nc8
22. Qh5+ Kg8 23. Rg1 Kh7 24. Qg6+ Kh8 25. Qh5 Kg8 26. Qxh6 Ne7 27. Be2 b6 28.
Bh5 c5 29. Bxe8 Rxe8 30. Qxg7# 1-0

[Event "17. Obert Int. Sant Marti 2015 - B"]
[Site "Barcelona ESP"]
[Date "2015.07.15"]
[Round "3.59"]
[White "Romano Cases, Jordi"]
[Black "Borja Casas, Jordi"]
[Result "1-0"]
[WhiteElo "1700"]
[BlackElo "1764"]
[PlyCount "97"]
[EventDate "2015.07.13"]
[EventType "swiss"]
[EventRounds "9"]
[EventCountry "ESP"]
[SourceTitle "Ajedrez en Madrid"]
[Source "lmi"]
[SourceDate "2015.07.13"]
[SourceVersion "1"]
[SourceVersionDate "2019.06.21"]
[SourceQuality "1"]

1. e4 e6 2. d4 d5 3. e5 c5 4. c3 cxd4 5. cxd4 Bb4+ 6. Bd2 Bxd2+ 7. Nxd2 Ne7 8.
Bd3 O-O 9. Ne2 Nbc6 10. a3 Nf5 11. Nf3 Qb6 12. Bxf5 exf5 13. Qc2 Be6 14. Rd1 f6
15. Nf4 Nd8 16. O-O fxe5 17. dxe5 Rc8 18. Qd2 Rc4 19. Nxd5 Bxd5 20. Qxd5+ Qe6
21. Qxd8 Rg4 22. Qd5 Qxd5 23. Rxd5 Re4 24. h3 Re2 25. Rd2 Re4 26. Re1 Re8 27.
Rde2 Rc4 28. e6 h6 29. Ne5 Re4 30. Rxe4 fxe4 31. Rxe4 Rxe6 32. f4 Rd6 33. Re2
Rf6 34. g3 g5 35. Re4 gxf4 36. Rxf4 Re6 37. Rg4+ Kh7 38. Re4 Kg7 39. Rg4+ Kf6
40. Nd7+ Kf5 41. Rf4+ Kg5 42. h4+ Kh5 43. Nf6+ Kg6 44. Ne4 Rb6 45. Rf2 Rb3 46.
Kh2 a5 47. Nc5 Rb5 48. Nd3 Rd5 49. Nf4+ 1-0

[Event "17. Obert Int. Sant Marti 2015 - B"]
[Site "Barcelona ESP"]
[Date "2015.07.15"]
[Round "3.60"]
[White "Palomero Galvez, Antoni"]
[Black "Blanes Gay, Sir Nil"]
[Result "1-0"]
[WhiteElo "1762"]
[BlackElo "1679"]
[PlyCount "81"]
[EventDate "2015.07.13"]
[EventType "swiss"]
[EventRounds "9"]
[EventCountry "ESP"]
[SourceTitle "Ajedrez en Madrid"]
[Source "lmi"]
[SourceDate "2015.07.13"]
[SourceVersion "1"]
[SourceVersionDate "2019.06.21"]
[SourceQuality "1"]

1. d4 d5 2. Nf3 Nf6 3. c4 c6 4. e3 Bf5 5. Nh4 Be6 6. Nd2 g6 7. Be2 Bg7 8. O-O
O-O 9. f4 Ne4 10. Nxe4 dxe4 11. f5 Bd7 12. Qc2 e6 13. Qxe4 Bf6 14. fxe6 Bxe6
15. Nf3 Re8 16. Qc2 Na6 17. a3 Nc7 18. Bd2 Qd7 19. e4 Rad8 20. e5 Bg7 21. Bg5
Rb8 22. Rad1 Rf8 23. Bf6 Bf5 24. Bd3 Bxf6 25. exf6 Bxd3 26. Qxd3 Rfe8 27. Ne5
Qe6 28. Qg3 b5 29. b3 a5 30. Ng4 Na6 31. Qh4 Kh8 32. Qh6 Rg8 33. Ne5 Rb7 34.
Rfe1 bxc4 35. Nxc4 Qd7 36. Re4 Rxb3 37. Rh4 Qxd4+ 38. Rhxd4 Rb5 39. Rd8 Rb8 40.
Rxb8 Nxb8 41. Ne5 1-0

[Event "17. Obert Int. Sant Marti 2015 - B"]
[Site "Barcelona ESP"]
[Date "2015.07.15"]
[Round "3.61"]
[White "Bernat Mor, Juli"]
[Black "Buisan Arnau, Oriol"]
[Result "0-1"]
[WhiteElo "1687"]
[BlackElo "1756"]
[PlyCount "58"]
[EventDate "2015.07.13"]
[EventType "swiss"]
[EventRounds "9"]
[EventCountry "ESP"]
[SourceTitle "Ajedrez en Madrid"]
[Source "lmi"]
[SourceDate "2015.07.13"]
[SourceVersion "1"]
[SourceVersionDate "2019.06.21"]
[SourceQuality "1"]

1. e4 e5 2. Nf3 Nc6 3. d4 exd4 4. Nxd4 Bc5 5. Be3 Qf6 6. c3 a6 7. Qf3 Nxd4 8.
cxd4 Bxd4 9. Bxd4 Qxd4 10. Nc3 Nf6 11. Bd3 O-O 12. O-O-O Qe5 13. h3 d6 14. Nd5
Nxd5 15. exd5 Re8 16. Rhe1 Qg5+ 17. Re3 Rxe3 18. fxe3 Bd7 19. Rf1 Qe7 20. Qh5
Qxe3+ 21. Kc2 g6 22. Qh4 Bb5 23. Rf3 Bxd3+ 24. Kc3 Qe5+ 25. Kxd3 Qxd5+ 26. Ke2
Re8+ 27. Kf2 Qc5+ 28. Kg3 Qe5+ 29. Kg4 h5+ 0-1

[Event "17. Obert Int. Sant Marti 2015 - B"]
[Site "Barcelona ESP"]
[Date "2015.07.15"]
[Round "3.62"]
[White "Perez Serrallonga, Maxima"]
[Black "Lopez Oliva, Victor"]
[Result "0-1"]
[WhiteElo "1655"]
[BlackElo "1753"]
[PlyCount "44"]
[EventDate "2015.07.13"]
[EventType "swiss"]
[EventRounds "9"]
[EventCountry "ESP"]
[SourceTitle "Ajedrez en Madrid"]
[Source "lmi"]
[SourceDate "2015.07.13"]
[SourceVersion "1"]
[SourceVersionDate "2019.06.21"]
[SourceQuality "1"]

1. e4 d5 2. exd5 Qxd5 3. Nc3 Qa5 4. Nf3 Nf6 5. Be2 Bf5 6. d3 e6 7. Bd2 c6 8.
O-O Qc7 9. Nd4 Bg6 10. Be3 Bd6 11. Nf3 Nbd7 12. Bd4 Ng4 13. Ne4 Bxh2+ 14. Kh1
Bxe4 15. dxe4 h5 16. g3 h4 17. Nxh2 Nxh2 18. Bxg7 Rh7 19. Bd4 hxg3 20. Rg1 gxf2
21. Rg2 Ng4+ 22. Rh2 Qxh2# 0-1

[Event "17. Obert Int. Sant Marti 2015 - B"]
[Site "Barcelona ESP"]
[Date "2015.07.15"]
[Round "3.64"]
[White "Cassi Gimeno, Jordi"]
[Black "Siegel, Rainer"]
[Result "0-1"]
[WhiteElo "1747"]
[BlackElo "1647"]
[PlyCount "97"]
[EventDate "2015.07.13"]
[EventType "swiss"]
[EventRounds "9"]
[EventCountry "ESP"]
[SourceTitle "Ajedrez en Madrid"]
[Source "lmi"]
[SourceDate "2015.07.13"]
[SourceVersion "1"]
[SourceVersionDate "2019.06.21"]
[SourceQuality "1"]

1. e4 Nc6 2. Nf3 d6 3. d4 Bg4 4. Bb5 a6 5. Bxc6+ bxc6 6. Nc3 g6 7. Be3 Bg7 8.
h3 Bd7 9. e5 h5 10. Qd2 Nh6 11. Bxh6 Bxh6 12. Qe2 d5 13. Na4 O-O 14. Nc5 Bc8
15. e6 f5 16. Ne5 Rf6 17. Ned7 Kh7 18. Nxf6+ exf6 19. e7 Qe8 20. O-O Bf4 21.
Rfe1 Bd6 22. c4 a5 23. a4 Rb8 24. b3 Bxc5 25. dxc5 Rxb3 26. cxd5 cxd5 27. Reb1
Rxb1+ 28. Rxb1 Bd7 29. Rd1 c6 30. Re1 Kg7 31. Qa6 Kf7 32. Qxa5 Be6 33. Rxe6
Kxe6 34. Qc7 Qxe7 35. Qxe7+ Kxe7 36. a5 Kd7 37. a6 Kc7 38. Kf1 Kb8 39. Ke2 Ka7
40. Kd3 f4 41. g4 fxg3 42. fxg3 Kxa6 43. Kd4 Kb7 44. g4 hxg4 45. hxg4 Kc7 46.
Ke3 Kd7 47. Kf4 Ke6 48. g5 fxg5+ 49. Kxg5 0-1

[Event "17. Obert Int. Sant Marti 2015 - B"]
[Site "Barcelona ESP"]
[Date "2015.07.15"]
[Round "3.66"]
[White "Ramos Fernández, Pilar"]
[Black "Cassi De La Viuda, Àlex"]
[Result "0-1"]
[WhiteElo "1609"]
[BlackElo "1727"]
[PlyCount "104"]
[EventDate "2015.07.13"]
[EventType "swiss"]
[EventRounds "9"]
[EventCountry "ESP"]
[SourceTitle "Ajedrez en Madrid"]
[Source "lmi"]
[SourceDate "2015.07.13"]
[SourceVersion "1"]
[SourceVersionDate "2019.06.21"]
[SourceQuality "1"]

1. e4 c5 2. d4 cxd4 3. c3 dxc3 4. Nxc3 Nc6 5. Nf3 e5 6. Bc4 h6 7. O-O d6 8.
Bxf7+ Kxf7 9. Qb3+ Be6 10. Qxb7+ Nce7 11. Rd1 Rc8 12. Nxe5+ Kf6 13. f4 Qb6+ 14.
Qxb6 axb6 15. g4 dxe5 16. fxe5+ Kxe5 17. h3 Nf6 18. Re1 Ng6 19. Be3 Bc5 20. Kf2
Bxe3+ 21. Rxe3 Rhf8 22. Ke2 Nf4+ 23. Kd2 Rfd8+ 24. Kc2 Rc4 25. b3 Rc7 26. Rd1
Rxd1 27. Kxd1 Rd7+ 28. Kc1 Nd3+ 29. Kd2 Nc5+ 30. Kc2 Kf4 31. Re1 Nfxe4 32. Rf1+
Kg5 33. Nxe4+ Nxe4 34. Re1 Bd5 35. Kb2 Kh4 36. Rh1 Nf2 37. Rh2 Nxh3 38. a4 Be6
39. Ka3 Bxg4 40. b4 Rd3+ 41. Kb2 Bd7 42. Rh1 Bxa4 43. Ra1 Rb3+ 44. Kc2 Ra3+ 45.
Kb1 Rxa1+ 46. Kxa1 g5 47. Ka2 g4 48. Ka3 Bb5 49. Kb3 g3 50. Ka3 g2 51. Kb3 g1=Q
52. Ka3 Qe3+ 0-1

[Event "17. Obert Int. Sant Marti 2015 - B"]
[Site "Barcelona ESP"]
[Date "2015.07.15"]
[Round "3.67"]
[White "Gracia Vila, Frederic"]
[Black "Tordera Jumilla, Joaquim"]
[Result "1-0"]
[WhiteElo "1727"]
[BlackElo "1545"]
[PlyCount "45"]
[EventDate "2015.07.13"]
[EventType "swiss"]
[EventRounds "9"]
[EventCountry "ESP"]
[SourceTitle "Ajedrez en Madrid"]
[Source "lmi"]
[SourceDate "2015.07.13"]
[SourceVersion "1"]
[SourceVersionDate "2019.06.21"]
[SourceQuality "1"]

1. d4 d5 2. c4 e6 3. Nc3 Bb4 4. Nf3 f6 5. Bf4 Ne7 6. e3 g5 7. Bg3 c5 8. Bd3 Qa5
9. Qc2 Bd7 10. O-O Nbc6 11. Rab1 Ng6 12. cxd5 Bxc3 13. dxc6 Bxc6 14. bxc3 Bxf3
15. gxf3 O-O 16. Bxg6 f5 17. Bh5 cxd4 18. cxd4 Rac8 19. Qb3 Qa6 20. Be5 Rc6 21.
Qb4 b6 22. Qe7 Qxf1+ 23. Rxf1 1-0

[Event "17. Obert Int. Sant Marti 2015 - B"]
[Site "Barcelona ESP"]
[Date "2015.07.15"]
[Round "3.68"]
[White "Minko, Uliana"]
[Black "Trabado Nieto, David"]
[Result "1-0"]
[WhiteElo "1270"]
[BlackElo "1722"]
[PlyCount "103"]
[EventDate "2015.07.13"]
[EventType "swiss"]
[EventRounds "9"]
[EventCountry "ESP"]
[SourceTitle "Ajedrez en Madrid"]
[Source "lmi"]
[SourceDate "2015.07.13"]
[SourceVersion "1"]
[SourceVersionDate "2019.06.21"]
[SourceQuality "1"]

1. c4 e5 2. Nc3 Nf6 3. g3 Bc5 4. e3 O-O 5. Bg2 Nc6 6. Nge2 d6 7. O-O Bg4 8. h3
Bh5 9. f3 Na5 10. b3 Qd7 11. Rb1 Bg6 12. Ra1 d5 13. Re1 d4 14. Ne4 Bxe4 15.
fxe4 dxe3 16. dxe3 Qxd1 17. Rxd1 Nh5 18. Kh2 Rad8 19. Re1 Bd6 20. Nc3 Bb4 21.
Bb2 Rd2 22. Rab1 Re8 23. Red1 Rxd1 24. Rxd1 h6 25. Rd7 Bd6 26. Nd5 c6 27. Bc3
cxd5 28. Bxa5 b6 29. Rxd6 bxa5 30. Rxd5 Nf6 31. Rxa5 Re7 32. c5 Ne8 33. b4 Rb7
34. Ra4 Rb5 35. Bf1 Rb7 36. c6 Rc7 37. b5 Nd6 38. Ra3 Nxe4 39. Rd3 Nc5 40. Rd5
Ne4 41. Rxe5 Nd2 42. Be2 Rc8 43. a4 Nb1 44. a5 Nc3 45. Bc4 Nb1 46. Re7 Rd8 47.
Rd7 Re8 48. Bxf7+ Kf8 49. Bxe8 Kxe8 50. Rxg7 Nc3 51. c7 Nxb5 52. c8=Q# 1-0

[Event "17. Obert Int. Sant Marti 2015 - B"]
[Site "Barcelona ESP"]
[Date "2015.07.16"]
[Round "4.1"]
[White "Chakrabarti, Tamal"]
[Black "Humanes Bespin, Ivan"]
[Result "1-0"]
[WhiteElo "2009"]
[BlackElo "2049"]
[PlyCount "133"]
[EventDate "2015.07.13"]
[EventType "swiss"]
[EventRounds "9"]
[EventCountry "ESP"]
[SourceTitle "Ajedrez en Madrid"]
[Source "lmi"]
[SourceDate "2015.07.13"]
[SourceVersion "1"]
[SourceVersionDate "2019.06.21"]
[SourceQuality "1"]

1. e4 Nf6 2. e5 Nd5 3. c4 Nb6 4. c5 Nd5 5. Nc3 Nxc3 6. dxc3 d6 7. Bc4 Nc6 8.
exd6 exd6 9. Bf4 Qf6 10. Qd2 Ne5 11. Be2 Be7 12. Nf3 h6 13. O-O g5 14. Bg3 Be6
15. cxd6 Bxd6 16. Bb5+ Kf8 17. Nd4 g4 18. Rae1 a6 19. Nxe6+ Qxe6 20. Be2 h5 21.
f3 h4 22. Bf4 Rd8 23. Kh1 g3 24. h3 Rh5 25. Bg5 Be7 26. Bxe7+ Qxe7 27. Qc2 Qf6
28. f4 Qf5 29. Qxf5 Rxf5 30. fxe5 Rxe5 31. Bc4 Rxe1 32. Rxe1 Rd2 33. Rf1 Rxb2
34. Rxf7+ Ke8 35. Kg1 b5 36. Be6 Rc2 37. Kf1 Rxc3 38. Rh7 Re3 39. Bd5 c5 40.
Rxh4 Rc3 41. Rh6 a5 42. Bc6+ Ke7 43. Bxb5 Rc1+ 44. Ke2 Rc2+ 45. Kf3 Rxa2 46.
Kxg3 Rb2 47. Bc4 Rb4 48. Bg8 Rb8 49. Bd5 a4 50. Ra6 Rb4 51. Bc6 Rb3+ 52. Kg4 a3
53. Bd5 Rd3 54. Be4 Re3 55. Kf4 Rb3 56. Ra4 Kf6 57. h4 Kg7 58. g4 Rh3 59. h5
Kh6 60. Ra6+ Kg7 61. Kg5 c4 62. h6+ Kf7 63. Bd5+ Kf8 64. Bxc4 Rc3 65. Ra8+ Ke7
66. h7 a2 67. h8=Q 1-0

[Event "17. Obert Int. Sant Marti 2015 - B"]
[Site "Barcelona ESP"]
[Date "2015.07.16"]
[Round "4.2"]
[White "Garcia Ruiz, Adrian"]
[Black "Perez Garcia, Jose Miguel"]
[Result "1/2-1/2"]
[WhiteElo "2044"]
[BlackElo "2028"]
[PlyCount "139"]
[EventDate "2015.07.13"]
[EventType "swiss"]
[EventRounds "9"]
[EventCountry "ESP"]
[SourceTitle "Ajedrez en Madrid"]
[Source "lmi"]
[SourceDate "2015.07.13"]
[SourceVersion "1"]
[SourceVersionDate "2019.06.21"]
[SourceQuality "1"]

1. d4 Nf6 2. c4 g6 3. Nc3 d5 4. Bf4 Bg7 5. e3 O-O 6. Rc1 c6 7. Nf3 Bg4 8. h3
Bxf3 9. Qxf3 e6 10. Bd3 Nbd7 11. O-O dxc4 12. Bxc4 Nd5 13. Nxd5 exd5 14. Bd3
Qe7 15. a3 a5 16. Qg3 Rfe8 17. Bd6 Qe6 18. b4 axb4 19. axb4 Ra3 20. Rfd1 Rb3
21. b5 Nf6 22. bxc6 bxc6 23. Bc7 Bf8 24. Qe5 Qxe5 25. dxe5 Nd7 26. Rxc6 Nxe5
27. Bxe5 Rxe5 28. Be2 Ra3 29. Bf3 Ra5 30. Rc8 Kg7 31. Rd8 Be7 32. Rd7 Bf6 33.
Bxd5 Re7 34. Rxe7 Bxe7 35. g3 Ra7 36. Kg2 Rc7 37. Rd2 Bb4 38. Rd3 f5 39. g4
fxg4 40. hxg4 g5 41. e4 Re7 42. Rf3 h6 43. Rb3 Bc5 44. Rb8 Bd4 45. Rg8+ Kh7 46.
Rc8 Be5 47. Rc6 Kg7 48. Be6 Bf6 49. Bf5 Kf7 50. Kf3 Kg7 51. Ke2 Ra7 52. Rd6
Ra2+ 53. Ke3 Ra7 54. Re6 Re7 55. Ra6 Rc7 56. Ra5 Re7 57. Ke2 Re5 58. Ra7+ Re7
59. Rxe7+ Bxe7 60. e5 Bc5 61. e6 Kf6 62. f3 h5 63. Kf1 hxg4 64. fxg4 Bf8 65.
Ke2 Be7 66. Kd3 Bd6 67. Kc4 Ke7 68. Kd5 Bf4 69. Kc6 Bc1 70. Kc7 1/2-1/2

[Event "17. Obert Int. Sant Marti 2015 - B"]
[Site "Barcelona ESP"]
[Date "2015.07.16"]
[Round "4.3"]
[White "Molina Hernandez, Albert"]
[Black "Fleming, Andrew S J"]
[Result "1/2-1/2"]
[WhiteElo "2033"]
[BlackElo "2012"]
[PlyCount "145"]
[EventDate "2015.07.13"]
[EventType "swiss"]
[EventRounds "9"]
[EventCountry "ESP"]
[SourceTitle "Ajedrez en Madrid"]
[Source "lmi"]
[SourceDate "2015.07.13"]
[SourceVersion "1"]
[SourceVersionDate "2019.06.21"]
[SourceQuality "1"]

1. d4 e6 2. c4 Nf6 3. Nf3 d5 4. Nc3 Be7 5. cxd5 exd5 6. Bf4 O-O 7. e3 c6 8. Bd3
Bg4 9. h3 Bh5 10. Qb3 Qb6 11. Nd2 Nbd7 12. O-O Rfe8 13. Rac1 Nf8 14. Na4 Qxb3
15. Nxb3 Bg6 16. Bxg6 Nxg6 17. Bh2 Rac8 18. Na5 b5 19. Nc5 Bxc5 20. Rxc5 Re6
21. Rfc1 Ne7 22. Nb7 Nd7 23. R5c2 Nb6 24. b3 h5 25. Bd6 Kf8 26. Rxc6 Rxd6 27.
Nxd6 Rxc6 28. Rxc6 Nxc6 29. Nxb5 Ke7 30. Kf1 Kd7 31. Ke2 a6 32. Nc3 Ke6 33. f3
h4 34. Kd3 f5 35. e4 Nb4+ 36. Ke3 Nc2+ 37. Kd2 Nxd4 38. exd5+ Nxd5 39. Na4 Kd6
40. Nb2 Ne6 41. Ke1 Nef4 42. Kf2 Kc5 43. g3 hxg3+ 44. Kxg3 Kd4 45. Nc4 Ne2+ 46.
Kh4 Nc1 47. Kg5 Ne7 48. Nd6 Ke5 49. Ne8 g6 50. f4+ Ke6 51. Nc7+ Kf7 52. Nxa6
Nxa2 53. Nc5 Nc3 54. Nd3 Ne4+ 55. Kh6 Ng8+ 56. Kh7 Ngf6+ 57. Kh6 Nd7 58. b4 Nc3
59. h4 Kf6 60. h5 gxh5 61. Kxh5 Nb6 62. Kh4 Nbd5 63. Kg3 Ne2+ 64. Kf3 Nd4+ 65.
Kg3 Ke6 66. Nc5+ Kd6 67. Nd3 Nc2 68. Kh4 Ne1 69. Nxe1 Nxf4 70. Kg5 Ke5 71. Nf3+
Ke4 72. Nd2+ Ke5 73. Nf3+ 1/2-1/2

[Event "17. Obert Int. Sant Marti 2015 - B"]
[Site "Barcelona ESP"]
[Date "2015.07.16"]
[Round "4.4"]
[White "Madrid Sole, Antonio"]
[Black "Volart Buil, Jordi"]
[Result "1-0"]
[WhiteElo "2031"]
[BlackElo "1946"]
[PlyCount "91"]
[EventDate "2015.07.13"]
[EventType "swiss"]
[EventRounds "9"]
[EventCountry "ESP"]
[SourceTitle "Ajedrez en Madrid"]
[Source "lmi"]
[SourceDate "2015.07.13"]
[SourceVersion "1"]
[SourceVersionDate "2019.06.21"]
[SourceQuality "1"]

1. d4 Nf6 2. Nf3 c5 3. e3 a6 4. c3 e6 5. Bd3 d5 6. O-O c4 7. Bc2 b5 8. Nbd2 Bd6
9. e4 dxe4 10. Nxe4 Nxe4 11. Bxe4 Ra7 12. Re1 O-O 13. Be3 f5 14. Bc2 f4 15. Bc1
Qf6 16. Qe2 Re7 17. a4 Nd7 18. axb5 axb5 19. Ra7 Nb6 20. Rxe7 Qxe7 21. Be4 Re8
22. Qc2 g5 23. g3 Bd7 24. Bd2 Qf7 25. Nxg5 Qg7 26. Bxh7+ Kh8 27. Qg6 Re7 28.
Qh5 Nd5 29. Be4+ Kg8 30. Bxd5 exd5 31. Rxe7 Bxe7 32. Bxf4 Bxg5 33. Bxg5 Qh7 34.
Qxh7+ Kxh7 35. f3 Kg6 36. h4 Bf5 37. Kf2 Bd3 38. Ke3 Bf5 39. Kf4 Bh3 40. g4 Bg2
41. h5+ Kf7 42. Kg3 Bf1 43. f4 Be2 44. f5 Bd3 45. Kf4 Be4 46. Bh4 1-0

[Event "17. Obert Int. Sant Marti 2015 - B"]
[Site "Barcelona ESP"]
[Date "2015.07.16"]
[Round "4.5"]
[White "Ros Montes, Daniel"]
[Black "Ferres Saez, Joan"]
[Result "1-0"]
[WhiteElo "2039"]
[BlackElo "1901"]
[PlyCount "59"]
[EventDate "2015.07.13"]
[EventType "swiss"]
[EventRounds "9"]
[EventCountry "ESP"]
[SourceTitle "Ajedrez en Madrid"]
[Source "lmi"]
[SourceDate "2015.07.13"]
[SourceVersion "1"]
[SourceVersionDate "2019.06.21"]
[SourceQuality "1"]

1. c4 e5 2. g3 Nf6 3. Bg2 Nc6 4. Nc3 Bb4 5. Nd5 a5 6. a3 Bc5 7. e3 O-O 8. Ne2
Nxd5 9. cxd5 Ne7 10. d4 exd4 11. exd4 Bb6 12. d6 cxd6 13. O-O Nc6 14. Be3 Ba7
15. Nc3 b6 16. b4 axb4 17. axb4 Bb7 18. b5 Na5 19. d5 Rc8 20. Ne4 Bb8 21. Qg4
f5 22. Qh5 Qe8 23. Qh4 fxe4 24. Bxe4 g6 25. Bh6 Nb3 26. Rae1 Qd8 27. Bg5 Qc7
28. Bxg6 hxg6 29. Re7 Rf7 30. Bf6 1-0

[Event "17. Obert Int. Sant Marti 2015 - B"]
[Site "Barcelona ESP"]
[Date "2015.07.16"]
[Round "4.6"]
[White "Rodriguez Isern, Bernat"]
[Black "Nadal Fajardo, Ricard"]
[Result "0-1"]
[WhiteElo "1936"]
[BlackElo "2037"]
[PlyCount "88"]
[EventDate "2015.07.13"]
[EventType "swiss"]
[EventRounds "9"]
[EventCountry "ESP"]
[SourceTitle "Ajedrez en Madrid"]
[Source "lmi"]
[SourceDate "2015.07.13"]
[SourceVersion "1"]
[SourceVersionDate "2019.06.21"]
[SourceQuality "1"]

1. e4 c6 2. d4 d5 3. exd5 cxd5 4. Bd3 Nc6 5. c3 Nf6 6. h3 g6 7. Nf3 Qc7 8. O-O
Bg7 9. Re1 O-O 10. Nbd2 b6 11. Nf1 Bb7 12. Ng3 Rad8 13. Bg5 h6 14. Be3 Na5 15.
Qc2 Nc4 16. Bc1 e6 17. b3 Nd6 18. Bf4 Qe7 19. Bxd6 Qxd6 20. Ne5 Nd7 21. f4 Nxe5
22. fxe5 Qe7 23. Qd2 Rc8 24. Rac1 Rc7 25. Rc2 Rfc8 26. Nh1 Qg5 27. Qxg5 hxg5
28. Nf2 Rxc3 29. Rec1 Rxc2 30. Rxc2 Rxc2 31. Bxc2 Bf8 32. Ng4 Ba3 33. Kf2 Ba6
34. Nf6+ Kh8 35. g3 Bb2 36. Ke3 Bf1 37. h4 gxh4 38. gxh4 Kg7 39. Ne8+ Kf8 40.
Nf6 Bc1+ 41. Kf3 Ke7 42. a4 Ba3 43. Ke3 a6 44. Bd3 Bc1+ 0-1

[Event "17. Obert Int. Sant Marti 2015 - B"]
[Site "Barcelona ESP"]
[Date "2015.07.16"]
[Round "4.7"]
[White "Centelles Vivas, Aleix"]
[Black "Torres Julian, Marc"]
[Result "0-1"]
[WhiteElo "2034"]
[BlackElo "1976"]
[PlyCount "100"]
[EventDate "2015.07.13"]
[EventType "swiss"]
[EventRounds "9"]
[EventCountry "ESP"]
[SourceTitle "Ajedrez en Madrid"]
[Source "lmi"]
[SourceDate "2015.07.13"]
[SourceVersion "1"]
[SourceVersionDate "2019.06.21"]
[SourceQuality "1"]

1. d4 Nf6 2. Bf4 c5 3. e3 g6 4. Nf3 Bg7 5. Bd3 O-O 6. h3 cxd4 7. exd4 Nc6 8. c3
d6 9. O-O Bd7 10. Qd2 Re8 11. Bh6 Bh8 12. Na3 a6 13. Ng5 e5 14. Nc4 Qc7 15.
Rae1 b5 16. Ne3 e4 17. Be2 Ne7 18. Bg4 Nxg4 19. Nxg4 f5 20. Ne3 d5 21. f4 exf3
22. Nxf3 Be6 23. Nd1 Nc8 24. Bf4 Qd7 25. Ne5 Bxe5 26. Bxe5 Nd6 27. Bxd6 Qxd6
28. Nf2 f4 29. Re5 Rf8 30. Ng4 Bxg4 31. hxg4 Rae8 32. Rfe1 Rxe5 33. Rxe5 f3 34.
gxf3 Rxf3 35. Qg2 Qf8 36. Re8 Qxe8 37. Qxf3 Qe1+ 38. Kh2 Qd2+ 39. Qg2 Qxg2+ 40.
Kxg2 Kf7 41. Kf3 Kf6 42. Kf4 h6 43. b3 a5 44. a4 bxa4 45. bxa4 h5 46. g5+ Ke6
47. Ke3 Kf5 48. Kd3 h4 49. c4 dxc4+ 50. Kxc4 h3 0-1

[Event "17. Obert Int. Sant Marti 2015 - B"]
[Site "Barcelona ESP"]
[Date "2015.07.16"]
[Round "4.8"]
[White "Walter Travella, German"]
[Black "Vargas Drechsler, Carlos"]
[Result "1-0"]
[WhiteElo "2028"]
[BlackElo "1973"]
[PlyCount "89"]
[EventDate "2015.07.13"]
[EventType "swiss"]
[EventRounds "9"]
[EventCountry "ESP"]
[SourceTitle "Ajedrez en Madrid"]
[Source "lmi"]
[SourceDate "2015.07.13"]
[SourceVersion "1"]
[SourceVersionDate "2019.06.21"]
[SourceQuality "1"]

1. e4 c6 2. Nf3 d5 3. exd5 cxd5 4. Ne5 Nf6 5. Bb5+ Nbd7 6. O-O a6 7. Bxd7+ Nxd7
8. Nf3 e6 9. b3 Bd6 10. d4 O-O 11. Ba3 Bxa3 12. Nxa3 Qa5 13. Qc1 b5 14. Nb1 Bb7
15. Qg5 Rac8 16. Qe7 Qd8 17. Qxd8 Rfxd8 18. c3 Rc7 19. Re1 Rdc8 20. a4 Nf6 21.
axb5 axb5 22. Ra7 Ne4 23. Nfd2 b4 24. Nxe4 dxe4 25. c4 Ra8 26. Rxa8+ Bxa8 27.
Nd2 Ra7 28. f3 exf3 29. Nxf3 Kf8 30. Ne5 f6 31. Nd3 Ra2 32. Nxb4 Rxg2+ 33. Kf1
Rxh2 34. Rxe6 Rb2 35. Rb6 Be4 36. Na6 h5 37. Nc5 Bf3 38. d5 h4 39. d6 h3 40.
Rb8+ Kf7 41. d7 h2 42. Rh8 Rd2 43. Rxh2 Rd6 44. Rh8 Ke7 45. Re8+ 1-0

[Event "17. Obert Int. Sant Marti 2015 - B"]
[Site "Barcelona ESP"]
[Date "2015.07.16"]
[Round "4.9"]
[White "Brunet Gil, Pol"]
[Black "Riu Lopez, Sergi"]
[Result "0-1"]
[WhiteElo "1967"]
[BlackElo "2018"]
[PlyCount "110"]
[EventDate "2015.07.13"]
[EventType "swiss"]
[EventRounds "9"]
[EventCountry "ESP"]
[SourceTitle "Ajedrez en Madrid"]
[Source "lmi"]
[SourceDate "2015.07.13"]
[SourceVersion "1"]
[SourceVersionDate "2019.06.21"]
[SourceQuality "1"]

1. e4 e5 2. Nf3 Nc6 3. d4 exd4 4. Nxd4 Bc5 5. Nxc6 Qf6 6. Qf3 Qxc6 7. Bc4 Bxf2+
8. Qxf2 Qxc4 9. Nc3 Ne7 10. Be3 d6 11. O-O-O O-O 12. h4 h5 13. Rhg1 Bg4 14. Rd4
Qe6 15. Nd5 Rac8 16. Qd2 Rfe8 17. Re1 Nc6 18. Rc4 Qg6 19. Bf2 Be6 20. g3 Bg4
21. Ra4 Ne5 22. Qb4 b6 23. Ra6 c5 24. Qa4 Bd7 25. Qb3 Nc6 26. Qe3 Be6 27. Qc3
Qg4 28. a3 Kf8 29. Kb1 Bxd5 30. exd5 Rxe1+ 31. Qxe1 Re8 32. Qc1 Qc4 33. Rxb6
axb6 34. dxc6 Rc8 35. b3 Qe2 36. Be3 Rxc6 37. Bf4 d5 38. Qh1 Qe4 39. Qf1 c4 40.
b4 Re6 41. Kb2 Qd4+ 42. Kb1 Qc3 43. Bc1 Qxg3 44. Qd1 Qe5 45. Qd2 c3 46. Qf2 Qe1
47. Qf3 Re5 48. Qd3 Ke7 49. Qd4 f6 50. Qd3 Qxh4 51. Qxc3 Qc4 52. Qg3 g5 53. Bb2
Re2 54. Ka1 Qxc2 55. Bxf6+ Kf7 0-1

[Event "17. Obert Int. Sant Marti 2015 - B"]
[Site "Barcelona ESP"]
[Date "2015.07.16"]
[Round "4.10"]
[White "Salazar Navas, Josep"]
[Black "Caro Martinez, Ramon"]
[Result "1-0"]
[WhiteElo "2024"]
[BlackElo "1969"]
[PlyCount "73"]
[EventDate "2015.07.13"]
[EventType "swiss"]
[EventRounds "9"]
[EventCountry "ESP"]
[SourceTitle "Ajedrez en Madrid"]
[Source "lmi"]
[SourceDate "2015.07.13"]
[SourceVersion "1"]
[SourceVersionDate "2019.06.21"]
[SourceQuality "1"]

1. e4 g6 2. d4 d6 3. Nc3 c6 4. Bc4 Nf6 5. Qe2 e5 6. dxe5 dxe5 7. Bg5 Bg7 8. Rd1
Qe7 9. Nf3 O-O 10. O-O b5 11. Bd3 a6 12. a3 a5 13. Bxb5 cxb5 14. Nd5 Qa7 15.
Nxf6+ Kh8 16. Qd2 Qb6 17. Nd5 Qc6 18. Bh6 Nd7 19. Bxg7+ Kxg7 20. Ne7 Qc7 21.
Nxc8 Rd8 22. Ne7 Qb7 23. Nd5 h6 24. Kh1 Ra6 25. Nh4 Rd6 26. f4 exf4 27. Qxf4
Nf6 28. e5 Nh5 29. Qf3 Rxd5 30. Rd3 Kf8 31. Nxg6+ Kg7 32. Nh4 Nf4 33. Qxf4 Rxd3
34. cxd3 Qd5 35. Nf5+ Kf8 36. Qxh6+ Ke8 37. Nd6+ 1-0